000 00273nam a2200121 4500
999 _c20131
_d20131
005 20190729111546.0
008 190729b ||||| |||| 00| 0 eng d
040 _cLIRC
100 _aSippy, Ramesh
245 _aSholay
260 _aMumbai
_bPen DVD
_c2011
942 _2ddc
_cCD